[Event "Wloclawek CC Classic 16th"]
[Site "Wloclawek "]
[Date "2016.??.??"]
[Round "5"]
[White "Lewandowski, Bogdan"]
[Black "Augustowski, Janusz"]
[Result "0-1"]
[WhiteElo "1104"]
[BlackElo "1744"]
[PlyCount "50"]
[EventDate "2016.04.??"]
[EventType "swiss"]
[EventRounds "7"]
[EventCountry "POL"]
[SourceTitle "EXT 2021"]
[Source "ChessBase"]
[SourceDate "2020.10.23"]
[SourceVersion "1"]
[SourceVersionDate "2020.10.23"]
[SourceQuality "1"]

1. e4 c5 2. Nf3 Nc6 3. d4 cxd4 4. Nxd4 e5 5. Nxc6 bxc6 6. Bc4 Nf6 7. Bg5 Be7 8. Bxf6 Bxf6 9. c3 0-0 10. 0-0 Bb7 11. Qe2 Qb6 12. Rd1 Rad8 13. a4 d5 14. a5 Qc5 15. Bb3 g6 16. a6 Bc8 17. Bc2 h5 18. Nd2 d4 19. Nb3 Qb6 20. c4 Bg4 21. Qd3 Bxd1 22. Bxd1 Qb4 23. Kf1 Bg7 24. Ra2 f5 25. Bf3 Rd6 0-1

[Event "Wloclawek CC Classic 16th"]
[Site "Wloclawek "]
[Date "2016.??.??"]
[Round "7"]
[White "Lewandowski, Bogdan"]
[Black "Gryczewski, Tomasz"]
[Result "1-0"]
[WhiteElo "1104"]
[BlackElo "1200"]
[PlyCount "119"]
[EventDate "2016.04.??"]
[EventType "swiss"]
[EventRounds "7"]
[EventCountry "POL"]
[SourceTitle "EXT 2021"]
[Source "ChessBase"]
[SourceDate "2020.10.23"]
[SourceVersion "1"]
[SourceVersionDate "2020.10.23"]
[SourceQuality "1"]

1. e4 e5 2. Nf3 Nc6 3. Bb5 d6 4. d4 exd4 5. Nxd4 Bd7 6. Nxc6 bxc6 7. Bc4 Nf6 8. 0-0 Be7 9. Nc3 0-0 10. f3 h6 11. a3 a5 12. a4 Nh5 13. Ne2 Qb8 14. b3 Bf6 15. Rb1 Qb6+ 16. Kh1 Qc5 17. g4 Bh4 18. gxh5 Bh3 19. Bf4 Bxf1 20. Qxf1 Qxh5 21. Ng3 Bxg3 22. Bxg3 Kh8 23. f4 Rae8 24. Be2 Qc5 25. Bd3 d5 26. e5 f6 27. exf6 Rxf6 28. f5 Rg8 29. Be5 Rf7 30. f6 g6 31. Qg2 d4 32. Re1 Qb4 33. Qg1 Kh7 34. Bc4 Rgf8 35. Bxf7 Rxf7 36. Bxd4 Qd6 37. c4 Qf4 38. Re7 Rxe7 39. fxe7 Qe4+ 40. Qg2 Qxe7 41. Qxc6 Qe1+ 42. Bg1 Qe7 43. Qf3 Qe6 44. Bf2 h5 45. Kg2 Qd7 46. c5 c6 47. Be3 Qe6 48. Qf4 Kg8 49. Qc4 Qxc4 50. bxc4 Kf7 51. Kf3 Ke6 52. Ke4 Kf6 53. h4 Ke6 54. Bd2 Kf6 55. Kf4 g5+ 56. hxg5+ Kg6 57. Bxa5 h4 58. Bc7 Kh5 59. Kf5 h3 60. a5 1-0

[Event "Wloclawek CC Classic 16th"]
[Site "Wloclawek "]
[Date "2016.??.??"]
[Round "1"]
[White "Lewandowski, Bogdan"]
[Black "Kaczynski, Maciej"]
[Result "0-1"]
[WhiteElo "1104"]
[BlackElo "1591"]
[PlyCount "106"]
[EventDate "2016.04.??"]
[EventType "swiss"]
[EventRounds "7"]
[EventCountry "POL"]
[SourceTitle "EXT 2021"]
[Source "ChessBase"]
[SourceDate "2020.10.23"]
[SourceVersion "1"]
[SourceVersionDate "2020.10.23"]
[SourceQuality "1"]

1. e4 e6 2. d4 d6 3. c4 b6 4. Be2 Bb7 5. Bf3 Nd7 6. e5 c6 7. exd6 Bxd6 8. d5 exd5 9. cxd5 Qe7+ 10. Qe2 Qxe2+ 11. Nxe2 cxd5 12. Nbc3 Ngf6 13. 0-0 Ne5 14. Nd4 0-0 15. Ncb5 Bc5 16. Nb3 Nxf3+ 17. gxf3 d4 18. N5xd4 Rad8 19. Be3 Bxd4 20. Nxd4 Nh5 21. f4 Rfe8 22. Rfc1 Rd7 23. Rc3 g6 24. Rac1 Kg7 25. Kf1 Ba6+ 26. Kg1 Nxf4 27. Bxf4 Rxd4 28. Be3 Rg4+ 29. Kh1 Bb7+ 30. Rc6 Re6 31. f3 Rxe3 32. fxg4 Re6 33. Kg1 Bxc6 34. a3 Bf3 35. h3 h5 36. g5 a5 37. Kf2 Bb7 38. Rc3 Ba6 39. Re3 Rd6 40. Rb3 b5 41. Ke3 Rd5 42. h4 Rf5 43. Rc3 Bb7 44. Rc7 Bg2 45. Ra7 a4 46. Rd7 Rf3+ 47. Ke2 Rb3 48. Rd2 Bh3 49. Kd1 Bf5 50. Kc1 b4 51. axb4 Rxb4 52. Rh2 a3 53. bxa3 Rb1+ 0-1

[Event "Wloclawek CC Classic 15th"]
[Site "Wloclawek"]
[Date "2016.??.??"]
[Round "4"]
[White "Lewandowski, Bogdan"]
[Black "Muzalewski, Slawomir"]
[Result "0-1"]
[WhiteElo "1064"]
[BlackElo "1423"]
[PlyCount "30"]
[EventDate "2016.01.??"]
[EventType "swiss"]
[EventRounds "7"]
[EventCountry "POL"]
[SourceTitle "EXT 2021"]
[Source "ChessBase"]
[SourceDate "2020.10.23"]
[SourceVersion "1"]
[SourceVersionDate "2020.10.23"]
[SourceQuality "1"]

1. e4 c5 2. Nf3 Nc6 3. d4 cxd4 4. Nxd4 e5 5. Nxc6 bxc6 6. Bd3 Nf6 7. 0-0 Be7 8. c4 0-0 9. b3 Re8 10. Ba3 Bb7 11. Qc2 Bxa3 12. Nxa3 d5 13. cxd5 cxd5 14. exd5 Qxd5 15. Bc4 Qxg2# 0-1

[Event "Wloclawek CC Classic 16th"]
[Site "Wloclawek "]
[Date "2016.??.??"]
[Round "6"]
[White "Sztuka, Cezary"]
[Black "Lewandowski, Bogdan"]
[Result "1-0"]
[WhiteElo "1719"]
[BlackElo "1104"]
[PlyCount "67"]
[EventDate "2016.04.??"]
[EventType "swiss"]
[EventRounds "7"]
[EventCountry "POL"]
[SourceTitle "EXT 2021"]
[Source "ChessBase"]
[SourceDate "2020.10.23"]
[SourceVersion "1"]
[SourceVersionDate "2020.10.23"]
[SourceQuality "1"]

1. e4 e5 2. Nf3 Nc6 3. Bc4 Nf6 4. 0-0 Be7 5. d3 0-0 6. Re1 d6 7. h3 Na5 8. Bb3 Nxb3 9. axb3 h6 10. Nbd2 c5 11. Nf1 Nh7 12. Bd2 b6 13. b4 Bb7 14. bxc5 bxc5 15. b4 Ng5 16. bxc5 Nxf3+ 17. Qxf3 dxc5 18. Qg3 Bg5 19. Qxe5 Bf6 20. Qxc5 Bxa1 21. Rxa1 Qb6 22. Qxb6 axb6 23. Rb1 Ra2 24. Rxb6 Ba6 25. Rd6 Rb8 26. Kh2 Rb1 27. Ne3 Bb7 28. Rd8+ Kh7 29. Bc3 Ra8 30. Rd7 Kg6 31. Nf5 Re8 32. Nxg7 Bc8 33. Rd6+ Be6 34. Nxe8 1-0

[Event "Wloclawek CC Classic 15th"]
[Site "Wloclawek"]
[Date "2016.??.??"]
[Round "6"]
[White "Wieckowska, Oliwia"]
[Black "Lewandowski, Bogdan"]
[Result "0-1"]
[WhiteElo "1256"]
[BlackElo "1064"]
[PlyCount "40"]
[EventDate "2016.01.??"]
[EventType "swiss"]
[EventRounds "7"]
[EventCountry "POL"]
[SourceTitle "EXT 2021"]
[Source "ChessBase"]
[SourceDate "2020.10.23"]
[SourceVersion "1"]
[SourceVersionDate "2020.10.23"]
[SourceQuality "1"]

1. e4 c5 2. Nf3 Nc6 3. d4 cxd4 4. Nxd4 e5 5. Nf3 Nf6 6. Nc3 Bb4 7. Bd3 Bxc3+ 8. bxc3 h6 9. 0-0 0-0 10. Ba3 Re8 11. Re1 d6 12. h3 Nh7 13. Qd2 Re6 14. Rad1 Rg6 15. Kh1 Ng5 16. Nxg5 Rxg5 17. Bc4 Qf6 18. Bxd6 Bxh3 19. gxh3 Qf3+ 20. Kh2 Qg2# 0-1

[Event "Wloclawek-ch"]
[Site "Wloclawek"]
[Date "2015.??.??"]
[Round "8"]
[White "Konefal, Leszek"]
[Black "Lewandowski, Bogdan"]
[Result "1-0"]
[WhiteElo "1454"]
[BlackElo "1064"]
[PlyCount "53"]
[EventDate "2015.09.??"]
[EventType "swiss"]
[EventRounds "9"]
[EventCountry "POL"]
[SourceTitle "EXT 2021"]
[Source "ChessBase"]
[SourceDate "2020.10.23"]
[SourceVersion "1"]
[SourceVersionDate "2020.10.23"]
[SourceQuality "1"]

1. e4 c5 2. Nf3 Nc6 3. d4 cxd4 4. Nxd4 Nf6 5. Nc3 Qa5 6. f3 e5 7. Nb3 Qd8 8. Be3 Bb4 9. Bd2 Bxc3 10. Bxc3 d6 11. Qd2 0-0 12. 0-0-0 Be6 13. Qxd6 Bxb3 14. Qxd8 Raxd8 15. axb3 Nd4 16. Bxd4 Rxd4 17. Rxd4 exd4 18. Bc4 a6 19. Rd1 b5 20. Bd5 Nxd5 21. exd5 Rd8 22. Rxd4 Rd6 23. c4 Kf8 24. c5 Rg6 25. g3 Rf6 26. Rd3 Ke8 27. Kc2 1-0

[Event "Wloclawek CC Classic 13th"]
[Site "Wloclawek"]
[Date "2015.??.??"]
[Round "7"]
[White "Stepniak, Stanislaw"]
[Black "Lewandowski, Bogdan"]
[Result "1-0"]
[WhiteElo "1434"]
[BlackElo "1600"]
[PlyCount "74"]
[EventDate "2015.04.??"]
[EventType "swiss"]
[EventRounds "7"]
[EventCountry "POL"]
[SourceTitle "EXT 2021"]
[Source "ChessBase"]
[SourceDate "2020.10.23"]
[SourceVersion "1"]
[SourceVersionDate "2020.10.23"]
[SourceQuality "1"]

1. e4 e5 2. Nf3 Nc6 3. c3 Nf6 4. d4 exd4 5. e5 Qe7 6. cxd4 Ng4 7. h3 Ngxe5 8. dxe5 Nxe5 9. Nxe5 Qxe5+ 10. Qe2 Bd6 11. f4 Qe6 12. Qxe6+ dxe6 13. Bc4 Bc5 14. Nc3 c6 15. Ne4 Bd4 16. Rb1 0-0 17. Ke2 b5 18. Bd3 a5 19. Ng5 g6 20. Nf3 Bg7 21. Be3 f5 22. b3 Re8 23. Ne5 Bxe5 24. fxe5 Bb7 25. Bc5 Red8 26. Bd6 b4 27. Rhc1 c5 28. g3 Ba6 29. Rxc5 Bxd3+ 30. Kxd3 a4 31. Rc2 Ra6 32. Ke3 Rdxd6 33. exd6 Rxd6 34. bxa4 e5 35. Rxb4 Kg7 36. Rb7+ Kf6 37. h4 Rd4 1-0

[Event "Wloclawek CC Classic 09th"]
[Site "Wloclawek"]
[Date "2014.??.??"]
[Round "4"]
[White "Lewandowski, Bogdan"]
[Black "Wieckowska, Oliwia"]
[Result "1-0"]
[WhiteElo "1600"]
[BlackElo "1400"]
[PlyCount "99"]
[EventDate "2014.03.??"]
[EventType "swiss"]
[EventRounds "7"]
[EventCountry "POL"]
[SourceTitle "EXT 2021"]
[Source "ChessBase"]
[SourceDate "2020.10.23"]
[SourceVersion "1"]
[SourceVersionDate "2020.10.23"]
[SourceQuality "1"]

1. e4 e5 2. Nf3 Nc6 3. d4 exd4 4. Nxd4 Be7 5. Nc3 Nf6 6. Nxc6 dxc6 7. Qxd8+ Bxd8 8. Bg5 0-0 9. Bd3 c5 10. 0-0 b6 11. h3 Bb7 12. f3 Be7 13. e5 Nd5 14. Bxe7 Nxe7 15. Be4 Bxe4 16. Nxe4 Nd5 17. a3 Rfe8 18. c4 Ne3 19. f4 Nxf1 20. Kxf1 Rad8 21. Re1 Rd4 22. a4 f5 23. exf6 gxf6 24. Nxf6+ Kf7 25. Nxe8 Rxf4+ 26. Kg1 Rxc4 27. Nxc7 Rxa4 28. Nd5 Rd4 29. Nc3 Rd2 30. Re2 Rd3 31. Kf1 Rd6 32. Ke1 a6 33. Rd2 Re6+ 34. Kd1 b5 35. b3 Rf6 36. Kc2 Rf4 37. Nd5 Re4 38. Nc7 c4 39. Nxa6 cxb3+ 40. Kxb3 Re6 41. Nc5 Rb6 42. Kb4 Rb8 43. g4 Kg6 44. Rd5 Kf7 45. Rf5+ Kg6 46. h4 Rb6 47. Nd7 Rb7 48. Nf8+ Kg7 49. Ne6+ Kg8 50. Rf8# 1-0

[Event "Wloclawek CC Classic 06th"]
[Site "Wloclawek"]
[Date "2013.??.??"]
[Round "5"]
[White "Kujawski, Dawid"]
[Black "Lewandowski, Bogdan"]
[Result "1-0"]
[WhiteElo "1800"]
[BlackElo "1600"]
[PlyCount "25"]
[EventDate "2013.03.??"]
[EventType "swiss"]
[EventRounds "7"]
[EventCountry "POL"]
[SourceTitle "EXT 2021"]
[Source "ChessBase"]
[SourceDate "2020.10.23"]
[SourceVersion "1"]
[SourceVersionDate "2020.10.23"]
[SourceQuality "1"]

1. e4 e5 2. Nf3 Nf6 3. Nc3 Nc6 4. Bc4 Bc5 5. d3 0-0 6. Bg5 d6 7. h3 Be6 8. Nd5 Nd4 9. Nxf6+ gxf6 10. Bh6 Re8 11. Nxd4 Bxd4 12. Qf3 Bxb2 13. Qg3+ 1-0

[Event "Wloclawek CC Classic 06th"]
[Site "Wloclawek"]
[Date "2013.??.??"]
[Round "4"]
[White "Lewandowski, Bogdan"]
[Black "Lapinski, Jerzy"]
[Result "1-0"]
[WhiteElo "1600"]
[BlackElo "1800"]
[PlyCount "45"]
[EventDate "2013.03.??"]
[EventType "swiss"]
[EventRounds "7"]
[EventCountry "POL"]
[SourceTitle "EXT 2021"]
[Source "ChessBase"]
[SourceDate "2020.10.23"]
[SourceVersion "1"]
[SourceVersionDate "2020.10.23"]
[SourceQuality "1"]

1. e4 c5 2. Nf3 Nc6 3. Bc4 d6 4. d4 cxd4 5. Nxd4 Nf6 6. Bd5 Nxd5 7. exd5 Qa5+ 8. Nc3 Nxd4 9. Qxd4 Bd7 10. 0-0 Rc8 11. Be3 b6 12. Bh6 f6 13. Bd2 Qa6 14. a4 Rc4 15. Qd3 Qc8 16. Rfe1 Bf5 17. Qe3 Rg4 18. a5 Rg6 19. axb6 Bh3 20. g3 axb6 21. Nb5 f5 22. Qxb6 Qc4 23. Qc6+ 1-0

[Event "Wloclawek CC Classic 07th"]
[Site "Wloclawek"]
[Date "2013.??.??"]
[Round "3"]
[White "Lewandowski, Bogdan"]
[Black "Lapinski, Jerzy"]
[Result "1/2-1/2"]
[WhiteElo "1600"]
[BlackElo "1800"]
[PlyCount "84"]
[EventDate "2013.04.??"]
[EventType "swiss"]
[EventRounds "7"]
[EventCountry "POL"]
[SourceTitle "EXT 2021"]
[Source "ChessBase"]
[SourceDate "2020.10.23"]
[SourceVersion "1"]
[SourceVersionDate "2020.10.23"]
[SourceQuality "1"]

1. e4 c5 2. Nf3 d6 3. Bc4 Nf6 4. d3 Nc6 5. c3 Na5 6. Bb3 Nxb3 7. axb3 Qc7 8. 0-0 g6 9. c4 Bg7 10. Nc3 Bd7 11. h3 0-0 12. Bg5 e6 13. Bf4 Nh5 14. Bh2 Bc6 15. Re1 Rfd8 16. Qc2 a6 17. g4 Nf6 18. d4 cxd4 19. Nxd4 Nd7 20. Nxc6 Qxc6 21. Bf4 Ne5 22. Qe2 Qb6 23. Ra3 Nc6 24. Na4 Qc7 25. c5 e5 26. cxd6 Rxd6 27. Be3 Nd4 28. Bxd4 Rxd4 29. Nc3 Rd7 30. Nd5 Qc6 31. b4 b5 32. Rc3 Qb7 33. Rec1 Rb8 34. Rc7 Rxc7 35. Rxc7 Qa8 36. Qf3 Rf8 37. Qc3 Qd8 38. Qc6 Qa8 39. Qxa8 Rxa8 40. Ne7+ Kh8 41. Rc8+ Rxc8 42. Nxc8 Bf8 1/2-1/2

[Event "Wloclawek CC Classic 06th"]
[Site "Wloclawek"]
[Date "2013.??.??"]
[Round "2"]
[White "Orlowski, Kuba"]
[Black "Lewandowski, Bogdan"]
[Result "0-1"]
[WhiteElo "1000"]
[BlackElo "1600"]
[PlyCount "50"]
[EventDate "2013.03.??"]
[EventType "swiss"]
[EventRounds "7"]
[EventCountry "POL"]
[SourceTitle "EXT 2021"]
[Source "ChessBase"]
[SourceDate "2020.10.23"]
[SourceVersion "1"]
[SourceVersionDate "2020.10.23"]
[SourceQuality "1"]

1. e4 e5 2. Nf3 Nf6 3. Nc3 Nc6 4. d4 exd4 5. Nxd4 Bb4 6. Bd2 Nxd4 7. Nd5 Bxd2+ 8. Kxd2 Nxd5 9. exd5 0-0 10. c3 Qg5+ 11. Kd3 Nf5 12. g4 Ne7 13. h4 Qxd5+ 14. Kc2 Qxh1 15. Be2 Qxd1+ 16. Bxd1 d6 17. f4 f5 18. g5 Ng6 19. h5 Nxf4 20. b4 Be6 21. Bf3 Bd5 22. Bxd5+ Nxd5 23. Rd1 Ne3+ 24. Kd2 Nxd1 25. Kxd1 Rae8 0-1

[Event "Wloclawek CC Classic 07th"]
[Site "Wloclawek"]
[Date "2013.??.??"]
[Round "4"]
[White "Pitula, Adam"]
[Black "Lewandowski, Bogdan"]
[Result "1-0"]
[WhiteElo "1342"]
[BlackElo "1600"]
[PlyCount "52"]
[EventDate "2013.04.??"]
[EventType "swiss"]
[EventRounds "7"]
[EventCountry "POL"]
[SourceTitle "EXT 2021"]
[Source "ChessBase"]
[SourceDate "2020.10.23"]
[SourceVersion "1"]
[SourceVersionDate "2020.10.23"]
[SourceQuality "1"]

1. Nf3 Nc6 2. g3 d5 3. Bg2 Nf6 4. d4 e6 5. Nc3 Be7 6. a3 0-0 7. Qd3 a6 8. Bg5 Nd7 9. Be3 Bf6 10. h4 e5 11. Nxd5 exd4 12. Nxf6+ Nxf6 13. Nxd4 Ne5 14. Qc3 c6 15. 0-0-0 Qe8 16. Nb3 Be6 17. Bc5 Nd5 18. Qxe5 f6 19. Qd4 Rf7 20. Rhg1 Rd7 21. Bxd5 Rxd5 22. Qc3 Rxd1+ 23. Rxd1 Bd5 24. Qe3 Kf7 25. Qxe8+ Rxe8 26. e3 Kg6 1-0

[Event "Wloclawek CC Classic 03rd"]
[Site "Wloclawek"]
[Date "2012.??.??"]
[Round "1"]
[White "Cichocki, Konrad"]
[Black "Lewandowski, Bogdan"]
[Result "1-0"]
[WhiteElo "2004"]
[BlackElo "1400"]
[PlyCount "95"]
[EventDate "2012.02.??"]
[EventType "swiss"]
[EventRounds "7"]
[EventCountry "POL"]
[SourceTitle "EXT 2021"]
[Source "ChessBase"]
[SourceDate "2020.10.23"]
[SourceVersion "1"]
[SourceVersionDate "2020.10.23"]
[SourceQuality "1"]

1. e4 e5 2. Bc4 Nc6 3. Nc3 Nf6 4. d3 h6 5. Nge2 Bc5 6. Be3 Bd4 7. 0-0 0-0 8. Qd2 Ng4 9. Bxd4 exd4 10. Nd5 Nce5 11. Bb3 c6 12. Ndf4 Nxh2 13. Kxh2 d6 14. Nxd4 Qh4+ 15. Kg1 g5 16. g3 Qg4 17. Qe2 gxf4 18. Qxg4+ Bxg4 19. gxf4 Nf3+ 20. Nxf3 Bxf3 21. Kh2 d5 22. Kg3 dxe4 23. f5 Be2 24. Rfe1 exd3 25. cxd3 Bxd3 26. Kf4 Rfe8 27. Rxe8+ Rxe8 28. Rd1 Re4+ 29. Kf3 Rd4 30. Ke3 c5 31. Rxd3 Rxd3+ 32. Kxd3 b6 33. Bc4 Kg7 34. Ke4 f6 35. Be2 Kf7 36. Kd5 Ke7 37. Kc6 Ke8 38. Kb7 Kd7 39. Kxa7 Kc6 40. Ka6 Kc7 41. Kb5 Kb7 42. Bf3+ Kc7 43. a4 Kd6 44. Kxb6 Ke5 45. a5 Kxf5 46. a6 Kf4 47. Be2 Ke4 48. a7 1-0

[Event "Wloclawek CC Classic 03rd"]
[Site "Wloclawek"]
[Date "2012.??.??"]
[Round "6"]
[White "Lewandowski, Bogdan"]
[Black "Konefal, Leszek"]
[Result "0-1"]
[WhiteElo "1400"]
[BlackElo "1600"]
[PlyCount "76"]
[EventDate "2012.02.??"]
[EventType "swiss"]
[EventRounds "7"]
[EventCountry "POL"]
[SourceTitle "EXT 2021"]
[Source "ChessBase"]
[SourceDate "2020.10.23"]
[SourceVersion "1"]
[SourceVersionDate "2020.10.23"]
[SourceQuality "1"]

1. e4 c5 2. c3 Nc6 3. Nf3 e6 4. Bb5 Qb6 5. Qe2 d6 6. Bxc6+ Qxc6 7. d4 cxd4 8. Nxd4 Qd7 9. Qb5 a6 10. Qxd7+ Bxd7 11. 0-0 Be7 12. Be3 Nf6 13. f3 0-0 14. Nd2 b5 15. Rfc1 h6 16. b4 d5 17. e5 Nh7 18. f4 f6 19. N2f3 Rfc8 20. Bd2 Nf8 21. g4 Ng6 22. exf6 Bxf6 23. g5 hxg5 24. fxg5 Bxd4+ 25. cxd4 Rc4 26. h4 Rf8 27. Kg2 e5 28. Rxc4 dxc4 29. Nxe5 Nxe5 30. dxe5 Bc6+ 31. Kg1 Rf3 32. h5 Rg3+ 33. Kf2 Rg2+ 34. Ke3 Rxg5 35. Ke2 Rxh5 36. Rg1 Kf7 37. e6+ Kxe6 38. Rxg7 Kd5 0-1

[Event "Wloclawek CC Classic 01st"]
[Site "Wloclawek"]
[Date "2011.??.??"]
[Round "10"]
[White "Lebiedzinski, Maciej"]
[Black "Lewandowski, Bogdan"]
[Result "1-0"]
[WhiteElo "1800"]
[BlackElo "1400"]
[PlyCount "85"]
[EventDate "2011.01.??"]
[EventType "tourn"]
[EventRounds "11"]
[EventCountry "POL"]
[SourceTitle "EXT 2021"]
[Source "ChessBase"]
[SourceDate "2020.10.23"]
[SourceVersion "1"]
[SourceVersionDate "2020.10.23"]
[SourceQuality "1"]

1. e4 e5 2. Nf3 Nc6 3. Bc4 d6 4. c3 Bg4 5. b4 Bxf3 6. Qxf3 Qf6 7. Qe2 0-0-0 8. a4 Nge7 9. a5 d5 10. exd5 Nxd5 11. b5 Nf4 12. Qg4+ Kb8 13. bxc6 Qxc6 14. Bf1 Qe4+ 15. Kd1 h5 16. Qf3 Qxf3+ 17. gxf3 Nd3 18. Bxd3 Rxd3 19. Ke2 Rd7 20. Na3 g6 21. Nc4 Bd6 22. Ba3 Re8 23. Bxd6 cxd6 24. d3 Re6 25. Ne3 Rc7 26. Kd2 Rc5 27. c4 f5 28. Rhb1 e4 29. fxe4 fxe4 30. d4 Rc7 31. Rb4 Rf7 32. Ke2 Ref6 33. Rf1 Rf3 34. a6 b6 35. c5 dxc5 36. dxc5 Kc7 37. cxb6+ axb6 38. Rc1+ Kd8 39. Rd4+ Rd7 40. Rxd7+ Kxd7 41. a7 Rf8 42. Nd5 Ra8 43. Nxb6+ 1-0

[Event "Wloclawek CC Classic-B 02nd"]
[Site "Wloclawek"]
[Date "2011.??.??"]
[Round "9"]
[White "Lewandowski, Bogdan"]
[Black "Kaczynski, Maciej"]
[Result "0-1"]
[WhiteElo "1400"]
[BlackElo "1800"]
[PlyCount "126"]
[EventDate "2011.09.??"]
[EventType "tourn"]
[EventRounds "13"]
[EventCountry "POL"]
[SourceTitle "EXT 2021"]
[Source "ChessBase"]
[SourceDate "2020.10.23"]
[SourceVersion "1"]
[SourceVersionDate "2020.10.23"]
[SourceQuality "1"]

1. e4 c5 2. c3 e5 3. Nf3 d6 4. d4 exd4 5. cxd4 Nc6 6. Bb5 Bg4 7. d5 Qb6 8. Qa4 Rc8 9. Bd2 a6 10. Bxa6 Qxa6 11. Qxa6 bxa6 12. dxc6 Rxc6 13. Ke2 Nf6 14. Nc3 Rb6 15. b3 Rb4 16. Kd3 Bxf3 17. gxf3 g6 18. Nd5 Rd4+ 19. Ke2 Nxd5 20. exd5 Rxd5 21. Bc3 Rg8 22. Rhe1 Bg7 23. Kf1+ Kd7 24. Bxg7 Rxg7 25. Re4 Rd4 26. Rae1 f5 27. Rxd4 cxd4 28. Rd1 Kc6 29. Rxd4 d5 30. f4 Re7 31. f3 Re3 32. Kf2 Rc3 33. Ke2 Kc5 34. Rd3 Rc1 35. Rd1 Rc2+ 36. Rd2 Rc3 37. Rd3 d4 38. a3 Rc1 39. Rd1 d3+ 40. Kd2 Rc2+ 41. Ke3 Rxh2 42. Rxd3 h5 43. Rd8 h4 44. Rg8 Rg2 45. Rh8 Rh2 46. Rh6 h3 47. Rxg6 Rb2 48. Rxa6 Rxb3+ 49. Kf2 h2 50. Rh6 Rxa3 51. Rxh2 Ra2+ 52. Kg3 Rxh2 53. Kxh2 Kd4 54. Kg2 Ke3 55. Kg3 Ke2 56. Kh4 Kxf3 57. Kg5 Ke4 58. Kh4 Kxf4 59. Kh3 Kf3 60. Kh2 Kf2 61. Kh3 f4 62. Kh2 f3 63. Kh1 Ke1 0-1

[Event "Wloclawek-ch"]
[Site "Wloclawek"]
[Date "2011.??.??"]
[Round "1"]
[White "Lewandowski, Bogdan"]
[Black "Kaczynski, Maciej"]
[Result "0-1"]
[WhiteElo "1400"]
[BlackElo "1800"]
[PlyCount "82"]
[EventDate "2011.05.??"]
[EventType "swiss"]
[EventRounds "9"]
[EventCountry "POL"]
[SourceTitle "EXT 2021"]
[Source "ChessBase"]
[SourceDate "2020.10.23"]
[SourceVersion "1"]
[SourceVersionDate "2020.10.23"]
[SourceQuality "1"]

1. e4 e5 2. Nf3 Nc6 3. Bc4 Nf6 4. Nc3 h6 5. a3 a6 6. 0-0 Bd6 7. d4 exd4 8. Nxd4 Ne5 9. Ba2 b5 10. Nf5 Bf8 11. Bf4 Nc4 12. Bxc4 bxc4 13. Nd5 d6 14. Nxf6+ Qxf6 15. e5 Qxf5 16. Bg3 Be6 17. exd6 0-0-0 18. c3 Bxd6 19. Qa4 Qb5 20. Qc2 Bf5 21. Qe2 h5 22. Bxd6 Rxd6 23. Rad1 Bd3 24. Qf3 Qd5 25. Qxd5 Rxd5 26. Rfe1 Kd7 27. Re3 Re8 28. Rg3 g5 29. h4 f6 30. b3 Ree5 31. hxg5 Rxg5 32. Rf3 f5 33. bxc4 Bxc4 34. Rxd5+ Bxd5 35. Rf4 Rxg2+ 36. Kf1 Rg5 37. Rd4 Ke6 38. c4 Bg2+ 39. Ke2 Rg4 40. f4 h4 41. Kf2 h3 0-1